00223nam a2200085 a 4500008004100000050001800041100002400059245004500083350000900128120416s9999 xx |||||||||||||| || u aTD 224.M4 Fab aFabos, Julius Gyula10aModels for landscape resource assessment a0.00